Ces communes sont-elles vaudoises ? - Statistiques

Statistiques générales
  • Ce quiz a été pris 194 fois
  • Le résultat moyen est 4 sur 18
Answers on the Grid
Answers color-coded by a green-red scale on the quiz's grid according to % correct below.
Massongex
Mutrux
Fétigny
Céligny
Grandevent
Vouvry
Éclagnens
Rivaz
Jorat-Menthue
Bretigny-sur-Morrens
Chavornay
Founex
Arrissoules
Riaz
Rovray
Lavey-Morcles
Attalens
Chessel
Ormont-Dessus
Montbovon
Fresens
Bogis-Bossey
Sauverny
La Côte-aux-Fées
Lussery-Villars
Chigny
Vers-chez-les-Blanc
Evionnaz
Gletterens
Le Chenit
 
Statistiques - réponses
Réponse % Correct
Chavornay
63%
Rivaz
53%
Vers-chez-les-Blanc
36%
Mutrux
32%
Jorat-Menthue
29%
Bretigny-sur-Morrens
27%
Lavey-Morcles
27%
Le Chenit
27%
Ormont-Dessus
27%
Chigny
24%
Founex
24%
Lussery-Villars
22%
Chessel
17%
Bogis-Bossey
15%
Éclagnens
10%
Grandevent
8%
Rovray
5%
Arrissoules
2%
Aucun quiz correspondant
Distribution des résultats
% des personnes avec chaque résultat
Percentile par nombre de réponses
Votre historique - résultats
Vous n’avez pas pris ce quiz